| 000 | 00763nam a2200217Ii 4500 | ||
|---|---|---|---|
| 003 | JO-AjNU | ||
| 008 | 230605s9999||||xx |||||||||||||| ||und|| | ||
| 017 | _a1990/444 | ||
| 040 |
_aJO-AjNU _bara _erda _cJO-AjNU |
||
| 041 | _aara | ||
| 050 | 1 | 4 | _aMT6 .D8212 1990 |
| 100 | 3 |
_aدوبري ،مارسيل تأليف/هيلايي، فيليب مترجم, _eauthor _940277 |
|
| 245 | 0 | 0 | _a تحليل التوافق الصوتي : هارموني، ج1 |
| 250 | _aط1 | ||
| 264 | 3 | 1 | _aبغداد:دار الشؤون الثقافية العامة،1990 |
| 300 | _aج1، 241ص | ||
| 336 |
_atext _btxt _2rdacontent |
||
| 337 |
_aunmediated _bn _2rdamedia |
||
| 338 |
_avolume _bnc _2rdacarrier |
||
| 650 | 4 |
_aالتأليف الموسيقي - الموسيقى _940278 |
|
| 999 |
_aA17078 _c20646 _d20646 |
||